Sports Quiz

Random Sports or Baseball Quiz

Who Gave Up These Famous HRs? Quiz Stats

 Plays Quiz not verified by Sporcle

Support Sporcle.
Go Orange.
Score 0/26 Timer 10:00
0 Plays Today
% Correct
Eckersley, Dennis
96.3%
Williams, Mitch
91.4%
Wakefield, Tim
90.1%
Branca, Ralph
87.7%
Downing, Al
86.4%
Gossage, Goose
86.4%
Moore, Donnie
86.4%
Darcy, Pat
81.5%
Root, Charlie
81.5%
Terry, Ralph
79%
Torrez, Mike
77.8%
Kim, Byung-Hyun
77.8%
Trachsel, Steve
76.5%
% Correct
Hough, Charlie
75.3%
Lidge, Brad
75.3%
Liebrandt, Charlie
74.1%
Benitez, Armando
71.6%
Neidenfuer, Tom
70.4%
Ellis, Dock
69.1%
Stallard, Tracy
64.2%
Broxton, Jonathan
61.9%
Littell, Mark
58%
Fisher, Jack
53.1%
Stobbs, Chuck
53.1%
Park, Chan Ho
49.4%
Bacsik, Mike
45.7%

You're not logged in!

Compare scores with friends on all Sporcle quizzes.
OR
Log In

From the Vault

Indonesia's Borders

by 1516

It's hard to have a lot of borders with all those islands.
Remove Ads.
Support Sporcle.
Get the best of Sporcle when you Go Orange. This ad-free experience offers more features, more stats, and more fun while also helping to support Sporcle. Thank you for becoming a member.

Show Comments

Extras

Top Quizzes Today


Score Distribution

Your Account Isn't Verified!

In order to create a playlist on Sporcle, you need to verify the email address you used during registration. Go to your Sporcle Settings to finish the process.

Report this User

Report this user for behavior that violates our Community Guidelines.

Details: